Pokémon di Ash - Statistics

Statistiche generali
  • Questo quiz è stato fatto 387 volte
  • Il punteggio medio è 24 su 61
Statistiche sulle risposte
Pokédex Tipo Regione Risposta % Corretto
#006 Fuoco/Volante Kanto Charizard
98%
#025 Elettro Kanto Pikachu
95%
#001 Erba/Veleno Kanto Bulbasaur
93%
#007 Acqua Kanto Squirtle
88%
#012 Coleottero/Volante Kanto Butterfree
78%
#018 Normale/Volante Kanto Pidgeot
75%
#149 Drago/Volante Kanto Dragonite
73%
#094 Spettro/Veleno Kanto Gengar
70%
#392 Fuoco/Lotta Sinnoh Infernape
59%
#131 Acqua/Ghiaccio Kanto Lapras
57%
#448 Lotta/Acciaio Kanto Lucario
52%
#015 Coleottero/Veleno Kanto Beedrill
51%
#658 Acqua/Buio Kalos Greninja
51%
#143 Normale Kanto Snorlax
51%
#057 Lotta Kanto Primeape
48%
#389 Erba/Terra Sinnoh Torterra
48%
#158 Acqua Johto Totodile
48%
#089 Veleno Kanto Muk
47%
#495 Erba Unima Snivy
47%
#128 Normale Kanto Tauros
47%
#156 Fuoco Johto Quilava
45%
#153 Erba Johto Bayleef
42%
#501 Acqua Unima Oshawott
42%
#254 Erba Hoenn Sceptile
42%
#398 Normale/Volante Sinnoh Staraptor
42%
#214 Coleottero/Lotta Johto Heracross
41%
#499 Fuoco/Lotta Unima Pignite
40%
#443 Drago/Terra Sinnoh Gible
36%
#164 Normale/Volante Johto Noctowl cromatico
35%
#020 Normale Kanto Raticate
35%
#418 Acqua Sinnoh Buizel
34%
#099 Acqua Kanto Kingler
34%
#472 Terra/Volante Sinnoh Gliscor
33%
#122 Psico/Folletto Kanto Mimey
32%
#521 Normale/Volante Unima Unfezant
32%
#362 Ghiaccio Hoenn Glalie
29%
#277 Normale/Volante Hoenn Swellow
28%
#663 Fuoco/Volante Kalos Talonflame
28%
#727 Fuoco/Buio Alola Incineroar
26%
#722 Erba/Volante Alola Rowlet
26%
#324 Fuoco Hoenn Torkoal
26%
#525 Roccia Unima Boldore
25%
#706 Drago Kalos Goodra
25%
#542 Coleottero/Erba Unima Leavanny
25%
#701 Lotta/Volante Kalos Hawlucha
24%
#715 Volante/Drago Kalos Noivern
24%
#190 Normale Johto Aipom
22%
#232 Terra Hoenn Donphan
22%
#536 Acqua/Terra Unima Palpitoad
21%
#745 Roccia Alola Lycanroc
19%
#882 Acqua/Drago Galar Dracovish
18%
#559 Buio/Lotta Unima Scraggy
18%
#341 Acqua Hoenn Corphish
17%
#553 Terra/Buio Unima Krookodile
17%
#809 Acciaio Alola Melmetal
17%
#804 Veleno/Drago Alola Naganadel
17%
#119 Acqua Kanto Seaking
16%
#865 Lotta Galar Sirfetch'd
11%
#794 Coleottero/Lotta Alola Buzzwole
7%
#795 Coleottero/Lotta Alola Pheromosa
6%
#805 Roccia/Acciaio Alola Stakataka
5%
Nessun quiz corrispondente trovato
Distribuzione punteggi
Percentuale di utenti per punteggio
Percentile per numero di risposta
I tuoi punteggi nel tempo
Non hai fatto questo quiz